000 00298nam a22001337a 4500
008 180312b xxu||||| |||| 00| 0 eng d
020 _a1932645004
041 _aeng
080 _a2
100 _a23
101 _aTEO
245 _aAnnulments and the catholic church
_cMyers,J.J
942 _2udc
_cBK
999 _c44782
_d44782